000 00296nam a22001337a 4500
008 181012b xxu||||| |||| 00| 0 eng d
020 _a9780683061413
041 _aeng
080 _a611
100 _a6
101 _aANA
245 _aClinically Oriented Anatomy
_cMoore, K.L
942 _2udc
_cBK
999 _c49515
_d49515